| 000 | 00791cab a2200265 4500 | ||
|---|---|---|---|
| 001 | WB2721-52 | ||
| 008 | 090401t1991 xxu||||| |||| 00| 0 eng d | ||
| 035 | _a(Sirsi) u61492 | ||
| 041 | _aeng | ||
| 245 | _aTeesside | ||
| 260 | _c1991 | ||
| 350 | _a0 | ||
| 490 |
_aTimes _v24/5/91 p31-36 |
||
| 490 |
_aFinancial Times _v24/5/91 4 pages(10) |
||
| 520 | _aTwo supplements on Teesside four years after Margaret Thatcher launched her campaign to revive the inner cities with a walk by the River Tees. | ||
| 650 | _aACTION FOR CITIES | ||
| 650 | _aBUSINESS PARKS | ||
| 650 | _aMIDDLESBROUGH | ||
| 650 | _aOFFICES | ||
| 650 | _aTEES AND HARTLEPOOL PORT AUTHORITY | ||
| 650 | _aTEESSIDE DEVELOPMENT CORPORATION | ||
| 690 | _aSPECIAL REPORTS | ||
| 942 | _n0 | ||
| 948 | _c04/03/1997 | ||
| 999 |
_c38108 _d38108 |
||